000
003330000a22001570004500
001
003046
003
MACL
040
_a
MACL
090
_c
15039
_d
15038
100
_a
Sikligar, P.C.
245
_a
Social Security
_c
P.C. Sikligar
260
_a
Utility Books,
_c
2002
350
_a
150
650
_a
Social Science
942
_k
362
_c
Book
999
_c
14952
_d
14952